Impossível (Registo nº 35125)

Detalhes MARC
000 -Etiqueta do registo
Valores 00737nam a2200265 4500
010 ## - Número ISBN
ISBN 9789898868275
021 ## - Número do Depósito Legal
Código do país Portugal
100 ## - Dados gerais de processamento
Dados gerais 20221007 frey50
101 0# - Língua de publicação
Língua Português
102 ## - País de publicação
País Portugal
200 1# - Titulo e menção de responsabilidade
Título próprio Impossível
Primeira menção de responsabilidade texto e il. Catarina Sobral
205 ## - Menção da edição
Edição 1.ª ed
210 #9 - Publicação
Local de publicação Lisboa
Nome do editor Orfeu Negro,
Data de publicação 2018
215 ## - Descrição física 
Paginação / Volumes [34] p.
Outras indicações físicas todo il.
Dimensões 29 cm
225 2# - Colecção 
Título próprio da colecção Orfeu mini
675 ## - CDU
Notação 087.5
Edição BN
Língua por
675 ## - CDU
Notação 821.134.3-93"20"
Edição BN
Língua por
675 ## - CDU
Notação 821.134.3-34"20"
Edição BN
Língua por
700 #1 - Autor principal
Apelido Sobral,
Nome Catarina,
Datas 1985-
801 #0 - Fonte de origem
País PT
Agência BN
Regras de catalogação RPC
856 41 - Localização e acesso electrónico 
URL <a href="http://rnod.bnportugal.gov.pt/ImagesBN/winlibimg.aspx?skey=&doc=2010610&img=119213&save=true">http://rnod.bnportugal.gov.pt/ImagesBN/winlibimg.aspx?skey=&doc=2010610&img=119213&save=true</a>
090 ## - Tipo de documento
Koha biblioitem number (autogenerated) 35125
990 ## - Elementos KOHA
Tipo de documento Livro
994 ## - Estado da catalogação
Situação Completo
Exemplares
Situação do levantamento Situação do extravio Biblioteca de origem Biblioteca de empréstimo Código de barras Cota Permissão de empréstimo Tipo de documento Forma de aquisição
  Completo Biblioteca da Escola Básica e Secundária Dr Isidoro de Sousa Biblioteca da Escola Básica e Secundária Dr Isidoro de Sousa 706 BA 087.5 SOB Disponível Livro  




Powered by Koha